| 000 | 00567nam a2200169 a 4500 | ||
|---|---|---|---|
| 005 | 20140412111240.0 | ||
| 008 | 010710s19uu xx 00 eng d | ||
| 020 | _a0-689-71294-4 | ||
| 050 |
_aER _bDu85 1989 |
||
| 100 | _aSamuels, Barbara | ||
| 245 |
_aDuncan & Dolores / _cby Barbara Samuels. |
||
| 260 |
_aNew York : _bMacmillan Publishing Company, _c1986. |
||
| 300 | _a1v. (unp.) ; ill. | ||
| 520 | _aDolores learns to curb some of her more smothering tendencies and wins the affection of her new pet cat, Duncan. | ||
| 650 | _aCats-Fiction | ||
| 999 |
_c102664 _d102664 |
||